Регионална библиотека "Любен Каравелов" - Русе

Тук Хемингуей никога не е бил и нови разкази (Запис номер 511675)

MARC детайли
000 -Лидер
Лидер 01055nam a2200289 a 4500
003 - Код на организацията, давaща контролен номер
Код на организацията, даваща контролен номер BLK
005 - Дата и час на последна редакция
Дата и час на последна редакция 20250430125643.0
007 - Фиксирано поле за физическо описани
Физическо описание ta
008 - Елементи от данни с фиксирана дължина
Елементи с фиксирана дължина 221104b bu |||||r|||| 00| | bu d
020 ## - Международен стандартен номер на книга ISBN
ISBN 9786191953844
040 ## - Източник на каталожния запис
Код на библиотеката BLK
041 ## - Код за език
Език Български
Език за КДБФ Български
080 ## - УДК
9 (RLIN) 227592
УДК текст Българска литература
УДК код 821.163.2
УДК – код + определител 821.163.2-32
084 ## - Класификационен индекс по друга класификация
Авторски знак Гар - Г 23
100 ## - Редна дума - Автор
R(LIN) 333198
Автор Гарелов, Иван Стефанов
245 ## - Сведения за заглавието
Заглавие Тук Хемингуей никога не е бил и нови разкази
Авторска отговорност Иван Гарелов
250 ## - Област на изданието
Поредност на изданието 2. доп. изд.
260 ## - Област на издателските данни
9 (RLIN) 214104
Място на издаване София
Име на издателя Книгомания
Година на издаване 2024
300 ## - Физическа характеристика
Брой страници 200 с.
Размер 21 см
380 ## - Жанр
Жанр Худож. лит.
500 ## - Общи забележки
Обща забележка 1. изд. 2024 на Книгоизд. къща Труд<br/>Биогр. данни за авт. отбелязани на 2-ра кор.
852 ## - Местоположение
Сигнатура (форматна) Цб 324898
Отдел Хранилище
856 ## - Електронен адрес и достъп
Инструкция (цена за достъп) 0.00
Права за достъп disable
942 ## - АРТИКУЛИ
Вид на библиотечния документ Книги
Скрит в OPAC Не
Koha issues (borrowed), all copies 17
944 ## - СЪЗДАВАНЕ И РЕДАКЦИЯ на ЗАПИСА
Дата на регистрацията/редакция Нора Радева
Служител, извършил регистрацията/редакцията 30530
Номер на служител Минев Младен
944 ## - СЪЗДАВАНЕ И РЕДАКЦИЯ на ЗАПИСА
Дата на регистрацията/редакция 2024-10-28
Служител, извършил регистрацията/редакцията М.Я.
Създаване/Редакция Редакция
999 ## - СИСТЕМНИ КОНТРОЛНИ НОМЕРА
Koha biblionumber 511675
Koha biblioitemnumber 511675
Наличности
Код за отписване Код за изгубен артикул Източник на класификационната схема Код за повреда Код за отдаване Артикулен № Име на библиотеката - собственик Име на библиотеката, в която се намира в момента Статус (Текущо местоположение) Дата на вписване в системата Местоположение - отдел Цена в лева Инвентарен номер Систематично азбучна сигнатура Баркод Цена в евро Служебен тип на артикула Коз за рестрикции
  Не е изгубен Universal Decimal Classification Не е повреден заемане за дома 944064 Регионална библиотека "Любен Каравелов" Русе Регионална библиотека "Любен Каравелов" Русе Заемна - подръчен фонд 2024-06-11 Заемна - подръчен фонд 12.77 120000909175 821.163.2-32/Г 23 И 120000909175 6.53 Книги  
  Не е изгубен Universal Decimal Classification Не е повреден заемане за дома 944065 Регионална библиотека "Любен Каравелов" Русе Регионална библиотека "Любен Каравелов" Русе Заемна - подръчен фонд 2024-06-11 Заемна - подръчен фонд 12.77 120000909174 821.163.2-32/Г 23 И 120000909174 6.53 Книги  
  Не е изгубен Universal Decimal Classification Не е повреден ползва се в читалня 953272 Регионална библиотека "Любен Каравелов" Русе Регионална библиотека "Любен Каравелов" Русе Хранилище 2024-10-29 Хранилище 19.90 120000914101 Цб 324898 120000914101 10.17 Книги само за читалня
Vip Innovations Ltd, Rousse, Bulgaria 2025